<?xml version="1.0" encoding="UTF-8"?><?xml-stylesheet type="text/xsl" href="static/style.xsl"?><OAI-PMH xmlns="http://www.openarchives.org/OAI/2.0/" xmlns:xsi="http://www.w3.org/2001/XMLSchema-instance" xsi:schemaLocation="http://www.openarchives.org/OAI/2.0/ http://www.openarchives.org/OAI/2.0/OAI-PMH.xsd"><responseDate>2026-04-29T07:21:29Z</responseDate><request verb="GetRecord" identifier="oai:repisalud.isciii.es:20.500.12105/7108" metadataPrefix="marc">https://repisalud.isciii.es/rest/oai/request</request><GetRecord><record><header><identifier>oai:repisalud.isciii.es:20.500.12105/7108</identifier><datestamp>2024-09-27T18:01:08Z</datestamp><setSpec>com_20.500.12105_2052</setSpec><setSpec>com_20.500.12105_2051</setSpec><setSpec>col_20.500.12105_19608</setSpec></header><metadata><record xmlns="http://www.loc.gov/MARC21/slim" xmlns:dcterms="http://purl.org/dc/terms/" xmlns:doc="http://www.lyncode.com/xoai" xmlns:xsi="http://www.w3.org/2001/XMLSchema-instance" xsi:schemaLocation="http://www.loc.gov/MARC21/slim http://www.loc.gov/standards/marcxml/schema/MARC21slim.xsd">
   <leader>00925njm 22002777a 4500</leader>
   <datafield ind2=" " ind1=" " tag="042">
      <subfield code="a">dc</subfield>
   </datafield>
   <datafield ind2=" " ind1=" " tag="720">
      <subfield code="a">Suarez-Rodriguez, Berta</subfield>
      <subfield code="e">author</subfield>
   </datafield>
   <datafield ind2=" " ind1=" " tag="720">
      <subfield code="a">Lopez-Abente, Gonzalo</subfield>
      <subfield code="e">author</subfield>
   </datafield>
   <datafield ind2=" " ind1=" " tag="720">
      <subfield code="a">Martínez, Carmen</subfield>
      <subfield code="e">author</subfield>
   </datafield>
   <datafield ind2=" " ind1=" " tag="720">
      <subfield code="a">Navarro, Carmen</subfield>
      <subfield code="e">author</subfield>
   </datafield>
   <datafield ind2=" " ind1=" " tag="720">
      <subfield code="a">Tormo, Maria José</subfield>
      <subfield code="e">author</subfield>
   </datafield>
   <datafield ind2=" " ind1=" " tag="720">
      <subfield code="a">Rosso, Stefano</subfield>
      <subfield code="e">author</subfield>
   </datafield>
   <datafield ind2=" " ind1=" " tag="720">
      <subfield code="a">Schraub, Simon</subfield>
      <subfield code="e">author</subfield>
   </datafield>
   <datafield ind2=" " ind1=" " tag="720">
      <subfield code="a">Gafà, Lorenzo</subfield>
      <subfield code="e">author</subfield>
   </datafield>
   <datafield ind2=" " ind1=" " tag="720">
      <subfield code="a">Sancho-Garnier, Hélène</subfield>
      <subfield code="e">author</subfield>
   </datafield>
   <datafield ind2=" " ind1=" " tag="720">
      <subfield code="a">Wechsler, Janine</subfield>
      <subfield code="e">author</subfield>
   </datafield>
   <datafield ind2=" " ind1=" " tag="720">
      <subfield code="a">Zanetti, Roberto</subfield>
      <subfield code="e">author</subfield>
   </datafield>
   <datafield ind2=" " ind1=" " tag="260">
      <subfield code="c">2007-07-26</subfield>
   </datafield>
   <datafield ind2=" " ind1=" " tag="520">
      <subfield code="a">BACKGROUND: Non-melanoma skin cancer (NMSC) is the most frequent tumour among Caucasian populations worldwide. Among the risk factors associated with this tumour, there are host-related factors and several environmental agents. A greater likelihood of high exposure to physical agents (with the exception of solar radiation) and chemical agents depends on the work setting. Our objective is to evaluate the role of occupational exposures in NMSC, with special emphasis on risk factors other than solar radiation and skin type. METHODS: We analysed 1585 cases (1333 basal cell carcinoma (BCC) and 183 squamous cell carcinoma (SCC)) and 1507 controls drawn from the Helios-I multicenter study. Odds ratios (OR) and 95% confidence intervals (CI) were estimated using logistic regression mixed models. RESULTS: For NMSC as a whole (both histological types), miners and quarrymen, secondary education teachers, and masons registered excess risk, regardless of exposure to solar radiation and skin type (OR 7.04, 95% CI 2.44-20.31; OR 1.75, 95% CI 1.05-2.89 and OR 1.54, 95% CI 1.04-2.27, respectively). Frequency of BCC proved higher among railway engine drivers and firemen (OR 4.55; 95% CI 0.96-21.57), specialised farmers (OR 1.65; 95% CI 1.05-2.59) and salesmen (OR 3.02; 95% CI 1.05-2.86), in addition to miners and quarrymen and secondary education teachers (OR 7.96; 95% CI 2.72-23.23 and OR 1.76; 95% CI 1.05-2.94 respectively). The occupations that registered a higher risk of SCC (though not of BCC) were those involving direct contact with livestock, construction workers not elsewhere classified (OR 2.95, 95% CI 1.12-7.74), stationary engine and related equipment operators not elsewhere classified (OR 5.31, 95% CI 1.13-21.04) and masons (OR 2.55, 95% CI 1.36-4.78). CONCLUSION: Exposure to hazardous air pollutants, arsenic, ionizing radiations and burns may explain a good part of the associations observed in this study. The Helios study affords an excellent opportunity for further in-depth study of physical and chemical agents and NMSC based on matrices of occupational exposure.</subfield>
   </datafield>
   <datafield ind1="8" ind2=" " tag="024">
      <subfield code="a">BMC Public Health. 2007 Jul 26;7:180.</subfield>
   </datafield>
   <datafield ind1="8" ind2=" " tag="024">
      <subfield code="a">1471-2458</subfield>
   </datafield>
   <datafield ind1="8" ind2=" " tag="024">
      <subfield code="a">http://hdl.handle.net/20.500.12105/7108</subfield>
   </datafield>
   <datafield ind1="8" ind2=" " tag="024">
      <subfield code="a">17655745</subfield>
   </datafield>
   <datafield ind1="8" ind2=" " tag="024">
      <subfield code="a">10.1186/1471-2458-7-180</subfield>
   </datafield>
   <datafield ind1="8" ind2=" " tag="024">
      <subfield code="a">BMC public health</subfield>
   </datafield>
   <datafield ind2="0" ind1="0" tag="245">
      <subfield code="a">Occupation and skin cancer: the results of the HELIOS-I multicenter case-control study</subfield>
   </datafield>
</record></metadata></record></GetRecord></OAI-PMH>